| 000 | 00495nam a2200157Ia 4500 | ||
|---|---|---|---|
| 999 |
_c16724 _d16724 |
||
| 082 | _a307.7209543 SIN-; | ||
| 100 | _aSingh, Rama Yagya | ||
| 245 | 0 | _aMalwa region: rural habitat system, structure and change | |
| 260 |
_aVaranasi _bNational Geographical Society of India _c1978 |
||
| 300 | _a196p. | ||
| 650 | _aMalwa Region - Economic conditions | ||
| 650 | _aMalwa Region - Rural conditions | ||
| 650 | _aRural geography - Malwa Region | ||
| 650 | _aSociology - Malwa Region | ||
| 942 | _cBK | ||